Diarios
Guardat en:
| Autor principal: | |
|---|---|
| Format: | Llibre |
| Idioma: | espanyol |
| Publicat: |
Barcelona
Anagrama
1990
|
| Col·lecció: | Colección Compactos Anagrama
|
| Matèries: | |
| Etiquetes: |
Afegir etiqueta
Sense etiquetes, Sigues el primer a etiquetar aquest registre!
|
MARC
| LEADER | 00000cam a2200000 a 4500 | ||
|---|---|---|---|
| 001 | UCI5934 | ||
| 003 | CL-VaPUC | ||
| 008 | 080411e19900000SP |||||||||||||||||spa|d | ||
| 020 | |a 9788433973054 | ||
| 082 | 0 | 4 | |a 700.92 |b WAR |2 21 |
| 100 | 0 | |a Warhol, Andy |e author |9 267707 | |
| 245 | 1 | 0 | |a Diarios |
| 300 | |a 979 p | ||
| 942 | |c BK | ||
| 945 | |d 20080411 00:00:00 |a jtorresc | ||
| 260 | |a Barcelona |b Anagrama |c 1990 | ||
| 600 | 0 | 7 | |a WARHOL, ANDY |2 CL-VaPUC |9 267707 |
| 650 | 0 | |a Diarios |9 420844 | |
| 650 | 0 | |a Artistas |9 262026 | |
| 651 | 0 | |a Estados Unidos |9 255178 | |
| 583 | |a last modification |c 20111004 10:57:40 |k Rodrigo Vera | ||
| 490 | 0 | |a Colección Compactos Anagrama | |
| 999 | |c 329574 |d 329572 | ||
| 952 | |0 0 |1 0 |4 0 |6 700_920000000000000_WAR_1990 |7 0 |8 R |9 414478 |a BIBART |b BIBART |d 2019-11-22 |i 442607K |l 2 |o 700.92 WAR 1990 |p 442607K |r 2025-03-13 |s 2023-09-20 |w 2019-11-22 |y BK_R |k ART | ||